Kvapalné ropné výrobky. STN 65 6083. EN 13016-2 : Tlak pár. Časť 2: Určovanie absolútneho tlaku pár (AVP) pri teplote od 40˚C do 100˚C. Marec 2008

Na minha lista:
Detalhes bibliográficos
Formato: Livro
Idioma:eslovaco
Publicado em: Bratislava Slovenský ústav technickej normalizácie 2008
Tags: Adicionar Tag
Sem tags, seja o primeiro a adicionar uma tag!

MARC

LEADER 00000nam a22000003a 4500
001 0017386
003 SK-STU
005 20160926124520.2
007 ta
008 160926s ----xo-----e------000-0-----d
040 |a STU  |b slo 
041 0 |a slo 
044 |a xo 
245 1 0 |a Kvapalné ropné výrobky. STN 65 6083. EN 13016-2 :  |b Tlak pár. Časť 2: Určovanie absolútneho tlaku pár (AVP) pri teplote od 40˚C do 100˚C. Marec 2008 
260 |a Bratislava  |b Slovenský ústav technickej normalizácie  |c 2008 
300 |a 16 s. 
500 |a Táto norma nahrádza STN EN 13016-2 z marca 2003 v celom rozsahu 
996 |b 284M086763  |c M* N-1640/2-1  |l MMKN  |s A  |a 24  |w 0017386_0001